Adventures in social research : data analysis using SPSS for Windows 95
Αποθηκεύτηκε σε:
| Κύριος συγγραφέας: | |
|---|---|
| Άλλοι συγγραφείς: | |
| Μορφή: | Βιβλίο |
| Γλώσσα: | English |
| Δημοσίευση: |
Thousand Oaks :
Sage,
1998
|
| Σειρά: | Pine Forge Press series in research methods and statistics
|
| Θέματα: | |
| Ετικέτες: |
Προσθήκη ετικέτας
Δεν υπάρχουν, Καταχωρήστε ετικέτα πρώτοι!
|
MARC
| LEADER | 00000nam a2200000 i 4500 | ||
|---|---|---|---|
| 001 | 1/100114 | ||
| 008 | 000131s1998 eng d | ||
| 020 | |a 0-7619-8524-7 | ||
| 035 | |l 10057152 | ||
| 040 | |a GR-MY-UA |b |e aacr | ||
| 041 | 0 | |a eng | |
| 082 | 0 | |a 300.285 | |
| 100 | 1 | |a Babbie, Earl R. | |
| 245 | 1 | 0 | |a Adventures in social research : |b data analysis using SPSS for Windows 95 / |c Earl Babbie; Fred Halley |
| 260 | |a Thousand Oaks : |b Sage, |c 1998 | ||
| 300 | |a 326 σ. |e 1 δισκέτα Η/Υ (3 1/2 ίν.) | ||
| 490 | 1 | |a Pine Forge Press series in research methods and statistics | |
| 504 | |a Περιλαμβάνει βιβλιογραφικές παραπομπές και ευρετήριο | ||
| 630 | 0 | 0 | |a SPSS (Computer file) |
| 650 | 0 | 0 | |a Social sciences |x Statistical methods |x Computer programs. |
| 700 | 1 | |a Halley, Fred. | |
| 830 | 0 | |a Pine Forge Press series in research methods and statistics | |
| 852 | |a INST |b LESVOS |e 20000131 |h 300.285 BAB |p 005100020449 |q 005100020449 |t BK |y 0 | ||
| 852 | |a INST |b LESVOS |e 20000418 |h 300.285 BAB |p 005100020451 |q 005100020451 |t BK |y 0 | ||
| 901 | |a BIBL1-2000-1 | ||
| 909 | |a Λ |b 071458 | ||
| 909 | |a Λ |b 074797 | ||
| 922 | |a 1ΕΛΗ |b 199912 |c ΚΠΣ/ΠΜΣ |d ΠΑΠΑΣΩΤΗΡΙΟΥ | ||
| 950 | |a 157-1999-08-24 | ||
| 970 | |a ΚΑΜΑΤΣΟΥ |b ΔΕΣΠΟΙΝΑ |z 2000/04/18 | ||